[Event "Skilling Open KO 2020"]
[Site "chess24.com INT"]
[Date "2020.11.26"]
[Round "1.22"]
[White "Aronian, L"]
[Black "Nepomniachtchi, I"]
[Result "1/2-1/2"]
[WhiteElo "2781"]
[BlackElo "2784"]
[EventDate "2020.11.25"]
[WhiteTitle "GM"]
[BlackTitle "GM"]
[WhiteFideId "13300474"]
[BlackFideId "4168119"]

1.c4 c5 2.Nc3 Nf6 3.g3 d5 4.cxd5 Nxd5 5.Bg2 Nc7 6.d3 e5 7.Be3 Be7 8.Rc1 
O-O 9.Na4 b6 10.Bxa8 Nxa8 11.Nf3 Nc6 12.O-O Nc7 13.a3 Bb7 14.b4 cxb4 15.
axb4 Bxb4 16.d4 exd4 17.Bxd4 Ne6 18.Bb2 Qe7 19.Nc3 Rd8 20.Nd5 Qf8 21.Qb3 
Ncd4 22.Nxd4 Bxd5 23.Qa4 a5 24.Nc6 Qe8 25.Qc2 Bxc6 26.Qxc6 Qxc6 27.Rxc6 
Bc5 28.Ra1 h5 29.e3 Rd3 30.h4 Kf8 31.Rc8+ Ke7 32.Rh8 Rb3 33.Ra2 a4 34.Bxg7
a3 35.Be5 b5 36.Rb8 Kd7 37.g4 hxg4 38.h5 Ng5 39.Kf1 Nf3 40.Bg7 Kc7 41.Rg8 
b4 42.Ra1 a2 43.h6 Rb1+ 44.Ke2 f6 45.Bxf6 Bd4 46.Bd8+ Kc6 47.Rxa2 b3 48.
Rg6+ Kd7 49.Ra5 Re1+ 50.Kd3 Ne5+ 51.Kxd4 Nxg6 52.Rd5+ Ke6 53.Rg5 b2 54.
Rxg6+ Kf7 55.Rg7+ Ke6 56.Rg6+ Kf7 57.Rg7+ Ke6 58.Re7+ Kf5 59.Rf7+ Kg6 60.
Rf6+ Kh7 61.Rb6 b1=Q 62.Rxb1 Rxb1 63.Ke4 Kxh6 64.Kf4 Kh5 65.Kg3 Rh1 66.Kg2
Rh3 67.Bc7 Rf3 68.Bf4 Kg6 69.Kg1 Kf5 70.Kg2 Ke4 71.Kg1 Kd3 72.Kg2 Kd2 73.
Kg1 Ke2 74.Kg2 Kd1 75.Kg1 Ke1 76.Kg2 Ke2 77.Bg3 Kd3 78.Bf4 Ke4 79.Kg1 Kd3 
80.Kg2 1/2-1/2

[Event "Skilling Open KO 2020"]
[Site "chess24.com INT"]
[Date "2020.11.26"]
[Round "1.21"]
[White "Radjabov, T"]
[Black "So, W"]
[Result "1/2-1/2"]
[WhiteElo "2765"]
[BlackElo "2770"]
[EventDate "2020.11.25"]
[WhiteTitle "GM"]
[BlackTitle "GM"]
[WhiteFideId "13400924"]
[BlackFideId "5202213"]

1.Nf3 d5 2.d4 Nf6 3.c4 e6 4.Nc3 c5 5.cxd5 cxd4 6.Qxd4 exd5 7.e4 dxe4 8.
Qxd8+ Kxd8 9.Ng5 Be6 10.Nxe6+ fxe6 11.Bg5 h6 12.O-O-O+ Ke7 13.Bxf6+ gxf6 
14.Nxe4 Bg7 15.Ng3 f5 16.Bd3 Nc6 17.Rhe1 Be5 18.Nxf5+ exf5 19.f4 Rad8 20.
fxe5 Rhf8 21.Re3 Rd5 22.Rh3 Nxe5 23.Bc2 Rxd1+ 24.Kxd1 Rf6 25.Ke2 Rb6 26.b3
Ra6 27.Bb1 f4 28.Rh5 Re6 29.Bf5 Ra6 30.Bb1 Re6 31.Bf5 Ra6 32.Bb1 1/2-1/2

[Event "Skilling Open KO 2020"]
[Site "chess24.com INT"]
[Date "2020.11.30"]
[Round "3.21"]
[White "So, W"]
[Black "Carlsen, M"]
[Result "0-1"]
[WhiteElo "2770"]
[BlackElo "2862"]
[EventDate "2020.11.25"]
[WhiteTitle "GM"]
[BlackTitle "GM"]
[WhiteFideId "5202213"]
[BlackFideId "1503014"]

1.e4 c6 2.d4 d5 3.e5 Bf5 4.Nd2 e6 5.Nb3 Nd7 6.Nf3 h6 7.Be2 a5 8.a4 Bb4+ 9.
c3 Bf8 10.O-O Ne7 11.h3 Bh7 12.Bd2 Qb6 13.Ne1 Nf5 14.Bd3 Be7 15.Qc2 Bg6 
16.c4 dxc4 17.Qxc4 Nxd4 18.Qxd4 Qxb3 19.Bxg6 fxg6 20.Qe4 O-O 21.Bxh6 Rf5 
22.Be3 Qd5 23.Qxd5 exd5 24.f4 g5 25.e6 Nc5 26.g4 gxf4 27.gxf5 fxe3 28.Rf4 
Bf6 29.Nc2 e2 30.Rf2 d4 31.Rxe2 d3 32.Rd2 dxc2 33.Rxc2 Rd8 34.Re1 Nxa4 35.
Ra1 Nxb2 36.Rxa5 Nd3 37.Kh2 Nb4 38.Rc1 Nd5 39.Ra7 Rb8 40.Kg3 Ne7 41.Kg4 b5
42.Rd1 b4 43.Rad7 b3 44.Rd8+ Rxd8 45.Rxd8+ Kh7 46.Rb8 b2 47.Kf4 Nd5+ 0-1

[Event "Skilling Open KO 2020"]
[Site "chess24.com INT"]
[Date "2020.11.29"]
[Round "3.13"]
[White "Carlsen, M"]
[Black "So, W"]
[Result "1-0"]
[WhiteElo "2862"]
[BlackElo "2770"]
[EventDate "2020.11.25"]
[WhiteTitle "GM"]
[BlackTitle "GM"]
[WhiteFideId "1503014"]
[BlackFideId "5202213"]

1.d4 Nf6 2.c4 e6 3.Nf3 d5 4.Nc3 Bb4 5.Qa4+ Nc6 6.a3 Bxc3+ 7.bxc3 O-O 8.Bg5
h6 9.Bh4 Bd7 10.Qc2 Na5 11.g4 g5 12.Bg3 Ne4 13.h4 Nxg3 14.fxg3 gxh4 15.
Rxh4 Kg7 16.g5 Rh8 17.Ne5 Nxc4 18.gxh6+ Kf8 19.Nxc4 Qg5 20.Kf2 dxc4 21.Qc1
Qf6+ 22.Qf4 Ke7 23.Qxf6+ Kxf6 24.Bg2 Rab8 25.Rh5 Kg6 26.Rah1 f5 27.g4 Rh7 
28.g5 Bc6 29.Bf3 Bxf3 30.Kxf3 Rd8 31.Kf4 Rd5 32.R5h3 c5 33.Re3 Rd6 34.dxc5
Ra6 35.Rd1 1-0

[Event "Skilling Open KO 2020"]
[Site "chess24.com INT"]
[Date "2020.11.26"]
[Round "1.21"]
[White "Giri, A"]
[Black "Carlsen, M"]
[Result "1/2-1/2"]
[WhiteElo "2764"]
[BlackElo "2862"]
[EventDate "2020.11.25"]
[WhiteTitle "GM"]
[BlackTitle "GM"]
[WhiteFideId "24116068"]
[BlackFideId "1503014"]

1.e4 e5 2.Nf3 Nc6 3.Bc4 Bc5 4.c3 Nf6 5.d4 exd4 6.e5 d5 7.Bb5 Ne4 8.cxd4 
Bb6 9.Nc3 O-O 10.Be3 Bg4 11.h3 Bh5 12.Qc2 Nxc3 13.bxc3 f6 14.Bxc6 bxc6 15.
exf6 Bxf3 16.fxg7 Rf7 17.gxf3 Qd6 18.Rg1 c5 19.Rg5 cxd4 20.cxd4 Rxg7 21.
Rxg7+ Kxg7 22.Ke2 Qg6 23.Qa4 Rd8 24.Rc1 Kf7 25.Bf4 Re8+ 26.Be5 Re7 27.Qb3 
Bxd4 28.Qxd5+ Qe6 29.Qxd4 Qxe5+ 30.Qxe5 Rxe5+ 31.Kd3 Ra5 32.Rxc7+ Kg6 33.
Rc2 Kf5 34.Kc4 Ra3 35.Kb4 Rxf3 36.Rc7 a5+ 37.Kxa5 Ra3+ 38.Kb4 Rxa2 39.Rxh7
Kg6 40.Rh8 Rxf2 41.Kc3 Rf5 42.Kd4 Rh5 43.Rxh5 Kxh5 44.h4 Kxh4 1/2-1/2

[Event "Skilling Open KO 2020"]
[Site "chess24.com INT"]
[Date "2020.11.26"]
[Round "1.24"]
[White "So, W"]
[Black "Radjabov, T"]
[Result "1/2-1/2"]
[WhiteElo "2770"]
[BlackElo "2765"]
[EventDate "2020.11.25"]
[WhiteTitle "GM"]
[BlackTitle "GM"]
[WhiteFideId "5202213"]
[BlackFideId "13400924"]

1.e4 c5 2.Nf3 Nc6 3.d4 cxd4 4.Nxd4 e5 5.Nb5 d6 6.N1c3 a6 7.Na3 Be6 8.Nc4 
Rb8 9.Ne3 Nf6 10.g3 h5 11.h4 Be7 12.Bg2 Ng4 13.Ncd5 Qd7 14.Nb6 Qd8 15.Nbd5
b5 16.c3 Qd7 17.O-O Bd8 18.a4 b4 19.Qd3 a5 20.Nc4 O-O 21.Nxd6 Bxd5 22.Qxd5
Ne7 23.Qd2 Qe6 24.Nb5 Bb6 25.cxb4 Rbd8 26.Qe2 axb4 27.a5 Bc5 28.Bf3 Qc6 
29.a6 Rd7 30.Bg5 f6 31.Bxg4 hxg4 32.Qc4+ Kh7 33.Be3 Bxe3 34.Qxc6 Bxf2+ 35.
Kxf2 Nxc6 36.Rfc1 Na7 37.Nxa7 Rxa7 38.Rc6 Rd8 39.Ke3 Rad7 40.Rc5 Rd3+ 41.
Kf2 Rd2+ 42.Kf1 Rh2 43.Kg1 Rdd2 44.Rb1 Rdg2+ 45.Kf1 Rf2+ 46.Kg1 Rfg2+ 47.
Kf1 Rf2+ 48.Kg1 Rhg2+ 49.Kh1 f5 50.a7 f4 51.gxf4 Rh2+ 52.Kg1 Rfg2+ 53.Kf1 
Rf2+ 54.Kg1 Rhg2+ 55.Kh1 Rh2+ 56.Kg1 1/2-1/2

[Event "Skilling Open KO 2020"]
[Site "chess24.com INT"]
[Date "2020.11.29"]
[Round "3.14"]
[White "So, W"]
[Black "Carlsen, M"]
[Result "1-0"]
[WhiteElo "2770"]
[BlackElo "2862"]
[EventDate "2020.11.25"]
[WhiteTitle "GM"]
[BlackTitle "GM"]
[WhiteFideId "5202213"]
[BlackFideId "1503014"]

1.e4 c5 2.Nf3 Nc6 3.d4 cxd4 4.Nxd4 Nf6 5.Nc3 e5 6.Ndb5 d6 7.Nd5 Nxd5 8.
exd5 Nb8 9.Qf3 a6 10.Qa3 b6 11.Bg5 Be7 12.Bxe7 Kxe7 13.O-O-O Bb7 14.Nc3 
Nd7 15.f4 Qc7 16.fxe5 Nxe5 17.Qb4 h5 18.Be2 Kf8 19.Rhf1 Re8 20.Rf5 h4 21.
Rf4 Qd8 22.Kb1 Rh6 23.Rdd4 h3 24.g3 Bc8 25.a4 Kg8 26.Rde4 Qc7 27.Rh4 a5 
28.Qd4 Rxh4 29.Rxh4 Bf5 30.Rh5 Qc8 31.Qxb6 Ng4 32.Ba6 Re1+ 33.Ka2 Qe8 34.
Rxf5 Ne3 35.Bb5 Qe7 1-0

[Event "Skilling Open KO 2020"]
[Site "chess24.com INT"]
[Date "2020.11.30"]
[Round "3.23"]
[White "So, W"]
[Black "Carlsen, M"]
[Result "1/2-1/2"]
[WhiteElo "2770"]
[BlackElo "2862"]
[EventDate "2020.11.25"]
[WhiteTitle "GM"]
[BlackTitle "GM"]
[WhiteFideId "5202213"]
[BlackFideId "1503014"]

1.e4 c6 2.d4 d5 3.e5 c5 4.dxc5 e6 5.a3 Bxc5 6.Qg4 Ne7 7.Bd3 Ng6 8.Nf3 Nc6 
9.O-O O-O 10.Qh5 Qc7 11.b4 Be7 12.Bb2 Bd7 13.Re1 Be8 14.Nc3 Qd7 15.Qh3 f6 
16.exf6 Bxf6 17.Rxe6 Nce7 18.Bb5 Qc8 19.Rxf6 Rxf6 20.Qxc8 Rxc8 21.Bd3 Nf4 
22.Ne2 Nxe2+ 23.Bxe2 Re6 24.Bd3 Bg6 25.Nd4 Rb6 26.Re1 Kf7 27.Be2 Bxc2 28.
Bg4 Rc4 29.Be2 Rc8 30.Bg4 Rc4 31.Be2 Rc8 1/2-1/2

[Event "Skilling Open KO 2020"]
[Site "chess24.com INT"]
[Date "2020.11.28"]
[Round "2.24"]
[White "Carlsen, M"]
[Black "Nepomniachtchi, I"]
[Result "1/2-1/2"]
[WhiteElo "2862"]
[BlackElo "2784"]
[EventDate "2020.11.25"]
[WhiteTitle "GM"]
[BlackTitle "GM"]
[WhiteFideId "1503014"]
[BlackFideId "4168119"]

1.e4 c5 2.Nf3 d6 3.Bb5+ Nd7 4.a4 Nf6 5.Nc3 a6 6.Be2 b6 7.d4 cxd4 8.Qxd4 
Bb7 9.O-O e6 10.Rd1 Qc7 11.Be3 Ng4 12.Bg5 h6 13.Bh4 Nge5 14.Nxe5 dxe5 15.
Qc4 Qxc4 16.Bxc4 Rc8 17.Bd3 Bc5 18.Kf1 Bd4 19.f3 Bxc3 20.bxc3 Rxc3 21.Rdb1
Bc8 22.Rb2 O-O 23.Bf2 f5 24.Bxb6 fxe4 25.Bxe4 Nf6 26.Bd3 e4 27.fxe4 Nxe4+ 
28.Kg1 Nc5 29.Bxc5 Rxc5 30.a5 e5 31.Rb6 Rf6 32.Rf1 Rxb6 33.axb6 Bb7 34.c4 
a5 35.Bf5 Rc6 1/2-1/2

[Event "Skilling Open KO 2020"]
[Site "chess24.com INT"]
[Date "2020.11.26"]
[Round "1.23"]
[White "Giri, A"]
[Black "Carlsen, M"]
[Result "1/2-1/2"]
[WhiteElo "2764"]
[BlackElo "2862"]
[EventDate "2020.11.25"]
[WhiteTitle "GM"]
[BlackTitle "GM"]
[WhiteFideId "24116068"]
[BlackFideId "1503014"]

1.e4 e5 2.Nf3 Nc6 3.Bb5 Nf6 4.O-O Nxe4 5.d4 Nd6 6.Bxc6 dxc6 7.dxe5 Nf5 8.
Qxd8+ Kxd8 9.h3 h6 10.Rd1+ Ke8 11.Nc3 Ne7 12.a4 a6 13.a5 Bf5 14.Nd4 Bh7 
15.e6 Nd5 16.Nxd5 cxd5 17.Bf4 c6 18.c3 fxe6 19.Nxe6 Kf7 20.Nxf8 Rhxf8 21.
Rd4 Rad8 22.Be3 Rfe8 23.Rf4+ Kg8 24.h4 Rd7 25.b4 Rf7 26.Rxf7 Kxf7 27.Re1 
Re4 28.f3 Re5 29.Kf2 h5 30.Rd1 Bc2 31.Rd2 Bb3 32.Bd4 Re6 33.g4 Bc4 34.gxh5
Rh6 35.Be3 Rxh5 36.Bg5 Rh8 37.Ke3 Re8+ 38.Kd4 Re2 39.Rd1 Rf2 40.f4 Rf3 41.
Rc1 Rf1 42.Rxf1 Bxf1 43.f5 g6 44.f6 Bb5 45.Ke5 c5 46.bxc5 Ba4 47.Kd6 Bb5 
48.Ke5 Ba4 49.Be3 Bb5 50.Bd4 Ba4 51.Kd6 Bb5 52.Kc7 Bc6 53.Kc8 Ke8 54.Kb8 
Kf7 55.Kc7 Ke6 56.Kd8 Kf7 57.Kc7 Ke6 58.Be5 Kf7 59.Kd6 Bb5 60.Kc7 Bc6 61.
Kd6 Bb5 62.Kc7 Bc6 1/2-1/2

[Event "Skilling Open KO 2020"]
[Site "chess24.com INT"]
[Date "2020.11.26"]
[Round "1.21"]
[White "Nepomniachtchi, I"]
[Black "Aronian, L"]
[Result "1-0"]
[WhiteElo "2784"]
[BlackElo "2781"]
[EventDate "2020.11.25"]
[WhiteTitle "GM"]
[BlackTitle "GM"]
[WhiteFideId "4168119"]
[BlackFideId "13300474"]

1.e4 e5 2.Nf3 Nc6 3.Bc4 Bc5 4.c3 Nf6 5.d3 O-O 6.O-O d6 7.h3 Bb6 8.Re1 Ne7 
9.d4 Ng6 10.Bf1 c6 11.Nbd2 Re8 12.Qc2 Bc7 13.b3 d5 14.exd5 Nxd5 15.c4 Ndf4
16.dxe5 Nxe5 17.Bb2 Neg6 18.Qc3 f6 19.Ne4 Bf5 20.Rad1 Bxe4 21.Rxd8 Raxd8 
22.g3 Bxf3 23.Rxe8+ Rxe8 24.Qxf3 Ne6 25.Qd3 Nc5 26.Qd4 Bb6 27.b4 Ne5 28.
Qd1 Rd8 29.Qb1 Ncd3 30.Bxe5 Nxe5 31.c5 Bc7 32.Qb3+ Kf8 33.f4 Nf7 34.Qe6 h5
35.Bc4 Nh6 36.h4 a5 37.b5 cxb5 38.Bxb5 a4 39.Bxa4 Ba5 40.Bb3 Bc3 41.Qb6 
Bd4+ 42.Kf1 Rd7 43.Qb4 Nf5 44.c6+ Re7 45.cxb7 Ne3+ 46.Kg1 1-0

[Event "Skilling Open KO 2020"]
[Site "chess24.com INT"]
[Date "2020.11.30"]
[Round "3.24"]
[White "Carlsen, M"]
[Black "So, W"]
[Result "1/2-1/2"]
[WhiteElo "2862"]
[BlackElo "2770"]
[EventDate "2020.11.25"]
[WhiteTitle "GM"]
[BlackTitle "GM"]
[WhiteFideId "1503014"]
[BlackFideId "5202213"]

1.e4 e5 2.Nf3 Nc6 3.Bb5 Nf6 4.O-O Nxe4 5.Re1 Nd6 6.Nxe5 Be7 7.Bf1 Nxe5 8.
Rxe5 O-O 9.d4 Bf6 10.Re1 Re8 11.c3 Rxe1 12.Qxe1 Ne8 13.Bf4 d5 14.Bd3 g6 
15.Nd2 Ng7 16.Nf3 Bf5 17.Bxf5 Nxf5 18.Qe2 c6 19.Re1 Ng7 20.Be5 Bxe5 21.
Nxe5 Qd6 22.Nd3 Re8 23.Qd2 1/2-1/2

[Event "Skilling Open KO 2020"]
[Site "chess24.com INT"]
[Date "2020.11.25"]
[Round "1.14"]
[White "Nepomniachtchi, I"]
[Black "Aronian, L"]
[Result "0-1"]
[WhiteElo "2784"]
[BlackElo "2781"]
[EventDate "2020.11.25"]
[WhiteTitle "GM"]
[BlackTitle "GM"]
[WhiteFideId "4168119"]
[BlackFideId "13300474"]

1.e4 e5 2.Nf3 Nc6 3.Bc4 Bc5 4.c3 Nf6 5.d3 O-O 6.O-O d6 7.h3 Re8 8.Nbd2 Be6
9.b4 Bb6 10.a4 a6 11.Bxe6 Rxe6 12.Qc2 d5 13.Bb2 Nh5 14.b5 Ne7 15.c4 dxe4 
16.Nxe4 c6 17.Nxe5 Ng6 18.d4 Nhf4 19.Nf3 Nh4 20.Nxh4 Qxh4 21.Ng3 Rae8 22.
bxc6 bxc6 23.Bc3 h5 24.Rab1 Bc7 25.Rb7 Nxh3+ 26.gxh3 Bxg3 27.d5 Qxh3 28.
fxg3 Re2 0-1

[Event "Skilling Open KO 2020"]
[Site "chess24.com INT"]
[Date "2020.11.26"]
[Round "1.23"]
[White "Radjabov, T"]
[Black "So, W"]
[Result "1/2-1/2"]
[WhiteElo "2765"]
[BlackElo "2770"]
[EventDate "2020.11.25"]
[WhiteTitle "GM"]
[BlackTitle "GM"]
[WhiteFideId "13400924"]
[BlackFideId "5202213"]

1.Nf3 d5 2.d4 Nf6 3.c4 e6 4.Nc3 c5 5.cxd5 cxd4 6.Nxd4 Nxd5 7.Bd2 Be7 8.e3 
O-O 9.Be2 Bf6 10.O-O Bxd4 11.exd4 Nc6 12.Nxd5 Qxd5 13.Bf3 Qxd4 14.Bc3 Qxd1
15.Rfxd1 e5 1/2-1/2

[Event "Skilling Open KO 2020"]
[Site "chess24.com INT"]
[Date "2020.11.26"]
[Round "1.24"]
[White "Aronian, L"]
[Black "Nepomniachtchi, I"]
[Result "0-1"]
[WhiteElo "2781"]
[BlackElo "2784"]
[EventDate "2020.11.25"]
[WhiteTitle "GM"]
[BlackTitle "GM"]
[WhiteFideId "13300474"]
[BlackFideId "4168119"]

1.c4 c5 2.Nc3 Nf6 3.g3 d5 4.cxd5 Nxd5 5.Bg2 Nc7 6.d3 e5 7.Be3 Be7 8.Rc1 
Ne6 9.Nh3 O-O 10.O-O Nc6 11.Bxc6 bxc6 12.f3 Rb8 13.b3 f5 14.Nf2 h5 15.Kh1 
g5 16.Na4 Rb5 17.Bd2 g4 18.e4 Nd4 19.f4 Nf3 20.Be3 h4 21.Kg2 Qe8 22.Bxc5 
Bxc5 23.Nxc5 Qh5 24.Rh1 exf4 25.gxf4 h3+ 26.Kf1 fxe4 27.Ncxe4 Rxf4 28.Rxc6
Bb7 29.Rf6 Rbf5 30.Ng3 Nd2+ 31.Ke1 Qe8+ 0-1

[Event "Skilling Open KO 2020"]
[Site "chess24.com INT"]
[Date "2020.11.25"]
[Round "1.11"]
[White "Aronian, L"]
[Black "Nepomniachtchi, I"]
[Result "1/2-1/2"]
[WhiteElo "2781"]
[BlackElo "2784"]
[EventDate "2020.11.25"]
[WhiteTitle "GM"]
[BlackTitle "GM"]
[WhiteFideId "13300474"]
[BlackFideId "4168119"]

1.d4 Nf6 2.Nf3 g6 3.Nc3 d5 4.Bf4 c6 5.e3 Bg7 6.h3 O-O 7.Be2 Qb6 8.Rb1 Nbd7
9.O-O Re8 10.Bh2 Nf8 11.b4 Bf5 12.Nd2 N6d7 13.Na4 Qd8 14.Nc5 Nxc5 15.bxc5 
b6 16.Ba6 Bc8 17.Bxc8 Rxc8 18.cxb6 axb6 19.c4 c5 20.cxd5 Qxd5 21.Qb3 Qxb3 
22.Nxb3 cxd4 23.Nxd4 Bxd4 24.exd4 Ra8 25.Rxb6 Rxa2 26.d5 Rd2 27.d6 exd6 
28.Rxd6 Rxd6 29.Bxd6 Rd8 30.Bxf8 Kxf8 31.h4 h5 32.g3 Kg7 33.Kg2 Rf8 34.Kg1
Kg8 35.Kg2 Kg7 36.Kg1 Kg8 37.Kg2 Kg7 1/2-1/2

[Event "Skilling Open KO 2020"]
[Site "chess24.com INT"]
[Date "2020.11.30"]
[Round "3.32"]
[White "Carlsen, M"]
[Black "So, W"]
[Result "1/2-1/2"]
[WhiteElo "2862"]
[BlackElo "2770"]
[EventDate "2020.11.25"]
[WhiteTitle "GM"]
[BlackTitle "GM"]
[WhiteFideId "1503014"]
[BlackFideId "5202213"]

1.d4 Nf6 2.c4 e6 3.Nf3 d5 4.Nc3 c5 5.e3 dxc4 6.Bxc4 a6 7.O-O b5 8.Be2 Bb7 
9.dxc5 Bxc5 10.Qxd8+ Kxd8 11.Nd2 Ke7 12.Nb3 Nbd7 13.Na5 Rab8 14.Nxb7 Rxb7 
15.Bd2 Rc7 16.Rfd1 Rhc8 17.Be1 Bd6 18.Bxb5 axb5 19.Nxb5 Rc6 20.Na7 Be5 21.
Nxc8+ Rxc8 22.Rab1 Ra8 23.a3 Nd5 24.Rdc1 f5 25.h3 g5 26.Kf1 h5 27.Rc2 g4 
28.Ke2 N7f6 29.Ra1 f4 30.hxg4 fxe3 31.fxe3 Nxg4 32.Bh4+ Kd6 33.e4 Nge3 34.
Rcc1 Nxg2 35.Bf2 Ngf4+ 36.Kf3 Bxb2 37.Bc5+ Kd7 38.exd5 Bxc1 39.dxe6+ Nxe6 
40.Rxc1 Nxc5 41.Rxc5 Rxa3+ 42.Kf4 h4 43.Kg4 h3 44.Rh5 Rb3 45.Rxh3 Rxh3 46.
Kxh3 1/2-1/2

[Event "Skilling Open KO 2020"]
[Site "chess24.com INT"]
[Date "2020.11.25"]
[Round "1.13"]
[White "Carlsen, M"]
[Black "Giri, A"]
[Result "1/2-1/2"]
[WhiteElo "2862"]
[BlackElo "2764"]
[EventDate "2020.11.25"]
[WhiteTitle "GM"]
[BlackTitle "GM"]
[WhiteFideId "1503014"]
[BlackFideId "24116068"]

1.e4 e5 2.Nf3 Nc6 3.Nc3 Nf6 4.d4 exd4 5.Nxd4 Bb4 6.Nxc6 bxc6 7.Bd3 d5 8.
exd5 O-O 9.O-O cxd5 10.Bg5 c6 11.Qf3 h6 12.Bxf6 Qxf6 13.Qxf6 gxf6 14.Ne2 
Rb8 15.b3 Re8 16.Ng3 Re5 17.h3 Bd7 18.f4 Re3 19.Kh2 Kf8 20.Rad1 Bc3 21.Bf5
Be6 22.Rd3 Rxd3 23.Bxd3 c5 24.Rf3 Rb4 25.f5 Bd7 26.a3 Rh4 27.Bb5 Bxb5 28.
Rxc3 c4 29.bxc4 dxc4 30.Kg1 Rd4 31.Kf2 Rd2+ 32.Ne2 h5 33.Ke3 Rd5 34.Nd4 
Ba6 35.g4 hxg4 36.hxg4 Re5+ 37.Kf4 Rd5 38.Ne2 Rd1 39.Re3 Bb7 40.Nc3 Rf1+ 
41.Kg3 Rg1+ 42.Kf4 Rf1+ 43.Kg3 Rg1+ 44.Kf4 Rf1+ 1/2-1/2

[Event "Skilling Open KO 2020"]
[Site "chess24.com INT"]
[Date "2020.11.29"]
[Round "3.12"]
[White "So, W"]
[Black "Carlsen, M"]
[Result "1-0"]
[WhiteElo "2770"]
[BlackElo "2862"]
[EventDate "2020.11.25"]
[WhiteTitle "GM"]
[BlackTitle "GM"]
[WhiteFideId "5202213"]
[BlackFideId "1503014"]

1.e4 e5 2.Nf3 Nc6 3.Bc4 Bc5 4.O-O Nf6 5.d3 d6 6.c3 h6 7.Re1 O-O 8.Nbd2 a5 
9.Nf1 Be6 10.Bb5 Ne7 11.d4 Ba7 12.Ng3 Ng6 13.h3 c6 14.Bd3 a4 15.Be3 Re8 
16.Qc2 b5 17.b4 axb3 18.axb3 Qc7 19.Ra6 Qb7 20.Rea1 Bb6 21.Rxa8 Rxa8 22.
Rxa8+ Qxa8 23.dxe5 Qa1+ 24.Bf1 Bxe3 25.exf6 Bb6 26.fxg7 Ne5 27.Qd2 Nxf3+ 
28.gxf3 Kxg7 29.Kg2 b4 30.Nh5+ Kg6 31.Nf4+ Kh7 32.Nxe6 bxc3 33.Qf4 fxe6 
34.Qf7+ Kh8 35.Qf8+ Kh7 36.e5 Qd1 37.Qf7+ Kh8 38.Qe8+ Kh7 39.Qd7+ Kh8 40.
Qc8+ Kg7 41.Qd7+ Kh8 42.Qe8+ Kg7 43.Qe7+ Kh8 44.Qxe6 Qd4 45.Qe8+ Kg7 46.
Qe7+ Kg8 47.Qe6+ Kg7 48.Qf6+ Kh7 49.Qe7+ Kg8 50.Qe6+ Kg7 51.Qd7+ Kf8 52.
Qf5+ Ke8 53.Qc8+ Ke7 54.exd6+ Qxd6 55.Qf5 Qd4 56.Qc2 Qg7+ 57.Kh1 Qe5 58.
Bd3 Bc7 59.Kg2 Qh2+ 60.Kf1 Qxh3+ 61.Ke2 Qe6+ 62.Be4 Be5 63.Qa2 Qd6 64.Qa7+
Kf6 65.Qh7 Qd2+ 66.Kf1 Bd4 67.Qg6+ Ke7 68.Qg3 Bf6 69.Qc7+ Qd7 70.Qf4 h5 
71.Qe3 Qd4 72.Qf4 Qd6 73.Qe3 c5 74.Bg6+ Kd8 75.Qe8+ Kc7 76.Be4 h4 77.Kg2 
Qd7 78.Qh5 Kb6 79.f4 Qe6 80.Qg6 Ka5 81.Bf5 Qd6 82.Qe8 Kb6 83.Be4 Kc7 84.
Qa8 Qxf4 85.Qc6+ Kd8 86.Qd5+ Ke8 87.Bg6+ Ke7 88.Qxc5+ Qd6 89.Qe3+ Kf8 90.
Qe8+ Kg7 91.Qf7+ Kh6 92.Qh7+ Kg5 93.Qh5+ 1-0

[Event "Skilling Open KO 2020"]
[Site "chess24.com INT"]
[Date "2020.11.29"]
[Round "3.11"]
[White "Carlsen, M"]
[Black "So, W"]
[Result "1-0"]
[WhiteElo "2862"]
[BlackElo "2770"]
[EventDate "2020.11.25"]
[WhiteTitle "GM"]
[BlackTitle "GM"]
[WhiteFideId "1503014"]
[BlackFideId "5202213"]

1.d4 Nf6 2.c4 e6 3.Nf3 d5 4.Nc3 c5 5.cxd5 cxd4 6.Qxd4 exd5 7.e4 dxe4 8.
Qxd8+ Kxd8 9.Ng5 Be6 10.Nxe6+ fxe6 11.Bc4 Ke7 12.O-O Nbd7 13.Be3 Rc8 14.
Bb3 Nc5 15.Bxc5+ Rxc5 16.Rfe1 g6 17.Nxe4 Nxe4 18.Rxe4 e5 19.f4 Bg7 20.Rae1
Rf8 21.fxe5 Rf5 22.e6 Bxb2 23.Rd1 Rc7 24.g4 Rf8 25.Kg2 b5 26.Re2 Bc3 27.
Re3 Bb4 28.Red3 a5 29.Rd7+ Rxd7 30.Rxd7+ Kf6 31.Rb7 a4 32.g5+ Kxg5 33.
Rxb5+ Rf5 34.Rxb4 axb3 35.e7 bxa2 36.e8=Q a1=Q 37.Qe7+ Kh6 38.Rh4+ Rh5 39.
Qf8+ Qg7 40.Qf4+ g5 41.Qd6+ Qg6 42.Qf8+ Qg7 43.Rxh5+ 1-0

[Event "Skilling Open KO 2020"]
[Site "chess24.com INT"]
[Date "2020.11.25"]
[Round "1.12"]
[White "Radjabov, T"]
[Black "So, W"]
[Result "1/2-1/2"]
[WhiteElo "2765"]
[BlackElo "2770"]
[EventDate "2020.11.25"]
[WhiteTitle "GM"]
[BlackTitle "GM"]
[WhiteFideId "13400924"]
[BlackFideId "5202213"]

1.Nf3 d5 2.d4 Nf6 3.c4 e6 4.Nc3 c5 5.cxd5 cxd4 6.Qxd4 exd5 7.e4 dxe4 8.
Qxd8+ Kxd8 9.Ng5 Be6 10.Nxe6+ fxe6 11.Bg5 h6 12.O-O-O+ Ke7 13.Be3 Nc6 14.
g3 Rc8 15.Kb1 Ng4 16.Re1 Kf7 17.Nxe4 Bb4 18.Re2 Nxe3 19.Rxe3 Nd4 20.a3 Be7
21.Bg2 Rhd8 22.Rd1 Nf5 23.Red3 Rxd3 24.Rxd3 Rd8 25.Kc2 Ke8 26.Rxd8+ Kxd8 
27.Kd3 b6 28.Bh3 Nd6 29.Bxe6 Nxe4 30.Kxe4 a5 31.a4 Bc5 32.f3 Ke7 33.Bc4 
Kf6 34.b3 g5 35.h3 Bf2 36.g4 Bg1 37.Be2 Bf2 38.Bc4 Bg1 39.Be2 Bf2 40.Bc4 
1/2-1/2

[Event "Legends of Chess Prelim"]
[Site "chess24.com INT"]
[Date "2020.07.23"]
[Round "3.3"]
[White "Gelfand, B"]
[Black "Svidler, P"]
[Result "0-1"]
[WhiteElo "2676"]
[BlackElo "2723"]
[EventDate "2020.07.21"]
[WhiteTitle "GM"]
[BlackTitle "GM"]
[WhiteFideId "2805677"]
[BlackFideId "4102142"]

1.Nf3 Nf6 2.c4 c5 3.Nc3 Nc6 4.d4 cxd4 5.Nxd4 e6 6.g3 Qb6 7.Nb3 Ne5 8.e4 
Bb4 9.Qe2 d6 10.Bd2 O-O 11.Bg2 a5 12.f4 Nc6 13.Be3 Qc7 14.O-O Bxc3 15.bxc3
e5 16.f5 b6 17.g4 Ba6 18.g5 Nd7 19.Rf3 Ne7 20.Rh3 Rfc8 21.Qh5 Nf8 22.f6 
Neg6 23.fxg7 Kxg7 24.c5 bxc5 25.Nd2 Rab8 26.Nf1 Bxf1 27.Rxf1 Rb2 28.Rg3 
Rcb8 29.Rgf3 Rb1 30.h4 Ne6 31.Qh6+ Kg8 32.h5 Ngf4 33.g6 fxg6 34.hxg6 Qg7 
35.gxh7+ Kh8 36.Qxg7+ Kxg7 37.Bh3 Ng5 0-1

[Event "Legends of Chess Prelim"]
[Site "chess24.com INT"]
[Date "2020.07.24"]
[Round "4.2"]
[White "Anand, V"]
[Black "Giri, A"]
[Result "1/2-1/2"]
[WhiteElo "2753"]
[BlackElo "2764"]
[EventDate "2020.07.21"]
[WhiteTitle "GM"]
[BlackTitle "GM"]
[WhiteFideId "5000017"]
[BlackFideId "24116068"]

1.e4 c5 2.Nf3 d6 3.d4 cxd4 4.Nxd4 Nf6 5.Nc3 a6 6.Be2 e5 7.Nf3 Be7 8.Bg5 
Be6 9.Bxf6 Bxf6 10.O-O O-O 11.Nd5 Nd7 12.Bc4 Rc8 13.Qe2 Nb6 14.Nxb6 Qxb6 
15.Bxe6 fxe6 16.c3 Qc6 17.Ne1 Bd8 18.Nd3 b5 19.f3 a5 20.a3 Rc7 21.Rad1 
Rcf7 22.Kh1 g5 23.Nf2 h5 24.Rd3 Be7 25.g4 hxg4 26.Nxg4 Rh7 27.Kg2 Qe8 28.
h3 Qh5 29.Rh1 Qe8 30.Nf2 Kh8 31.Ra1 Qc6 32.Ng4 Kg7 33.Rd2 Rfh8 34.Rh1 Bd8 
35.Qd1 Bc7 36.Rd3 Kg6 37.Qd2 a4 38.Rd1 Rxh3 39.Rxd6 Bxd6 40.Qxd6 Qxd6 41.
Rxd6 Kf7 42.Rd7+ Kf8 43.Rb7 Rh1 44.Rxb5 Rd1 45.Rb8+ Kg7 46.Rb7+ Kf8 47.
Rb8+ Kg7 48.Rb7+ Kf8 49.Rb8+ 1/2-1/2